| 000 | 01015nam a22003138i 4500 | ||
|---|---|---|---|
| 999 |
_c2695 _d2695 |
||
| 001 | 018742659 | ||
| 003 | Uk | ||
| 005 | 20230810151027.0 | ||
| 008 | 171205s2018 enk j 000|0|eng|d | ||
| 015 |
_aGBB834000 _2bnb |
||
| 016 | 7 |
_a018742659 _2Uk |
|
| 020 | _a9781108440325 (pbk.) | ||
| 040 |
_aStDuBDS _beng _cStDuBDS _erda _dKH8 |
||
| 082 | 0 | 4 | _a910 DAV |
| 100 | 1 |
_aDavies, David, _eauthor. |
|
| 245 | 1 | 0 |
_aCambridge IGCSE and O level geography revision guide / _cDavid Davies. |
| 246 | 3 | 0 | _aIGCSE geography and O level revision guide |
| 250 | _aSecond edition. | ||
| 263 | _a201804 | ||
| 264 | 1 |
_aCambridge : _bCambridge University Press, _c2018. |
|
| 300 |
_avi, 232 pages ; _c28 cm. |
||
| 336 |
_atext _2rdacontent |
||
| 337 |
_aunmediated _2rdamedia |
||
| 338 |
_avolume _2rdacarrier |
||
| 650 | 0 |
_aGeography _xExaminations _vStudy guides. |
|
| 650 | 0 |
_aGeography _vExaminations, questions, etc. |
|
| 650 | 0 |
_aInternational General Certificate of Secondary Education _vStudy guides. |
|
| 942 |
_2ddc _cTR |
||